Информационная система экологического мониторинга; Молодежь и современные информационные технологии

Bibliographische Detailangaben
Parent link:Молодежь и современные информационные технологии.— 2003.— С. 97-99
1. Verfasser: Шумакова И. С.
Weitere Verfasser: Налепов Р. А.
Sprache:Russisch
Veröffentlicht: 2003
Schlagworte:
Format: Buchkapitel
KOHA link:https://koha.lib.tpu.ru/cgi-bin/koha/opac-detail.pl?biblionumber=146066

MARC

LEADER 00000naa2a2200000 4500
001 146066
005 20231031144458.0
035 |a (RuTPU)RU\TPU\book\158331 
090 |a 146066 
100 |a 20081027d2003 k y0rusy50 ca 
101 0 |a rus 
102 |a RU 
200 1 |a Информационная система экологического мониторинга  |f И. С. Шумакова, Р. А. Налепов 
463 0 |0 (RuTPU)RU\TPU\book\66157  |y 5-98928-001-3  |t Молодежь и современные информационные технологии  |o Сборник трудов региональной научно-практической конференции студентов, г.Томск, 25-26 февраля 2003 г.  |f Томский политехнический университет  |v С. 97-99  |d 2003  |p 190 с. 
610 1 |a экология 
610 1 |a мониторинг 
610 1 |a информационные системы 
610 1 |a экологический контроль 
610 1 |a системы контроля 
610 1 |a информационные технологии 
610 1 |a производство 
610 1 |a предприятия 
610 1 |a труды учёных ТПУ 
700 1 |a Шумакова  |b И. С. 
701 1 |a Налепов  |b Р. А. 
801 1 |a RU  |b 63413507  |c 20081027  |g PSBO 
942 |c BK